| 000 | 00735cam a2200253 ib4500 | ||
|---|---|---|---|
| 001 | 2445959 | ||
| 003 | YEEZEN | ||
| 005 | 20250701144349.0 | ||
| 008 | 240523s2024 ch a g 000 0 chi d | ||
| 020 |
_a9786267296462 _q(平裝) : _cNT$280 |
||
| 040 |
_aTCPL _bchi _cTCPL _dTCPL _eccr |
||
| 042 | _anbic | ||
| 084 |
_a410.1619 _2ncsclt |
||
| 090 | _a410.1619 | ||
| 100 | 1 | _a施義雄 | |
| 245 | 1 | 0 |
_a盡信醫不如無醫 / _c施義雄著 |
| 250 | _a初版 | ||
| 260 |
_a新北市板橋區 : _b華夏出版 ; _a新北市中和區 : _b貿騰發賣總經銷, _c2024.02 |
||
| 300 |
_a170面 : _b圖 ; _c21公分 |
||
| 490 | 1 |
_aSunny文庫 ; _v318. |
|
| 650 | 7 |
_a醫學倫理 _2lcstt. |
|
| 830 | 0 |
_aSunny文庫 ; _v318. |
|
| 942 |
_2ccl _cBOOK |
||
| 999 |
_c7644 _d7644 |
||